[Event "Oberliga Ost-B 2122"]
[Site "Germany"]
[Date "2022.04.03"]
[Round "11.8"]
[White "Jung, Kenny"]
[Black "Helmsdorf, Marius"]
[Result "1/2-1/2"]
[WhiteElo "1480"]
[BlackElo "1616"]
[PlyCount "79"]
[EventDate "2021.10.10"]
[EventType "team-tourn"]
[EventRounds "11"]
[EventCountry "GER"]
[SourceTitle "EXT 2023"]
[Source "ChessBase"]
[SourceDate "2022.10.05"]
[SourceVersion "1"]
[SourceVersionDate "2022.10.05"]
[SourceQuality "1"]
[WhiteTeam "Schoeneck"]
[BlackTeam "Gera"]
[WhiteTeamCountry "GER"]
[BlackTeamCountry "GER"]

1. e4 e6 2. b3 d5 3. Bb2 dxe4 4. Qe2 Nf6 5. Nc3 Be7 6. 0-0-0 b6 7. g4 Bb7 8. Bg2 0-0 9. h4 a5 10. Nxe4 Nxe4 11. Bxe4 Bxe4 12. Qxe4 Nd7 13. Nf3 Nc5 14. Qe3 a4 15. d4 Na6 16. g5 axb3 17. axb3 Qd5 18. c4 Qa5 19. Qe5 Qxe5 20. Nxe5 Nb4 21. Nd3 Rfd8 22. Nxb4 Bxb4 23. Kc2 Ra5 24. f4 Rf5 25. Rhf1 Kf8 26. Kd3 Ra8 27. Ra1 Rxa1 28. Bxa1 Ra5 29. Bb2 Ra2 30. Rb1 Ke7 31. Ke4 g6 32. d5 Bd6 33. Bf6+ Kd7 34. Bb2 Ke7 35. Bf6+ Kd7 36. Bb2 Bc5 37. dxe6+ Kxe6 38. Kf3 Bd6 39. Re1+ Kd7 40. Re2 1/2-1/2

[Event "Heusenstamm Sparkassen op-B 4th"]
[Site "Heusenstamm"]
[Date "2017.11.25"]
[Round "4"]
[White "Jung, Kenny"]
[Black "Samy AS, Anthoni"]
[Result "1-0"]
[WhiteElo "1465"]
[BlackElo "1098"]
[PlyCount "113"]
[EventDate "2017.11.23"]
[EventType "swiss"]
[EventRounds "7"]
[EventCountry "GER"]
[SourceTitle "EXT 2019"]
[Source "ChessBase"]
[SourceDate "2018.10.10"]
[SourceVersion "1"]
[SourceVersionDate "2018.10.10"]
[SourceQuality "1"]

1. e4 e5 2. Nf3 Nc6 3. Bb5 d6 4. Bxc6+ bxc6 5. Nc3 Bg4 6. h3 Bh5 7. d3 h6 8. b3 Qf6 9. g4 Bg6 10. Qe2 Qd8 11. Bd2 Be7 12. 0-0-0 Bf6 13. Rdg1 Ne7 14. h4 Ng8 15. Nd1 d5 16. exd5 cxd5 17. Nxe5 Qe7 18. f4 Bxe5 19. fxe5 d4 20. Qf3 Rd8 21. Re1 Qe6 22. Nb2 Ne7 23. Nc4 Nc6 24. Reg1 0-0 25. h5 Bh7 26. g5 g6 27. gxh6 Nxe5 28. Qe4 Rd5 29. Bf4 Nxc4 30. Qxe6 fxe6 31. bxc4 Ra5 32. hxg6 Rxf4 33. gxh7+ Kxh7 34. Rg7+ Kh8 35. h7 Rf1+ 36. Rxf1 Kxg7 37. Rh1 Kh8 38. Kb2 Rg5 39. Kb3 Rg2 40. Rh6 Re2 41. Rh4 e5 42. Re4 Re3 43. Kb4 Kxh7 44. Kc5 Rxe4 45. dxe4 Kg6 46. Kc6 Kf6 47. Kxc7 Ke6 48. a4 a5 49. Kc6 Ke7 50. Kd5 Kd7 51. Kxe5 Kc6 52. Kxd4 Kd6 53. c5+ Kc6 54. e5 Kd7 55. Kc4 Ke6 56. c6 Kxe5 57. c7 1-0

[Event "Heusenstamm Sparkassen op-B 4th"]
[Site "Heusenstamm"]
[Date "2017.11.23"]
[Round "1"]
[White "Jung, Kenny"]
[Black "Muegendt, Brian Christopher"]
[Result "1/2-1/2"]
[WhiteElo "1465"]
[BlackElo "1732"]
[PlyCount "121"]
[EventDate "2017.11.23"]
[EventType "swiss"]
[EventRounds "7"]
[EventCountry "GER"]
[SourceTitle "EXT 2019"]
[Source "ChessBase"]
[SourceDate "2018.10.10"]
[SourceVersion "1"]
[SourceVersionDate "2018.10.10"]
[SourceQuality "1"]

1. e4 c5 2. Nf3 d6 3. Bb5+ Nd7 4. Bxd7+ Bxd7 5. c4 Nf6 6. d3 e6 7. Nc3 Bc6 8. Qc2 Be7 9. b3 0-0 10. Bb2 d5 11. 0-0 d4 12. Ne2 Nd7 13. b4 b6 14. b5 Bb7 15. Ng3 Bd6 16. Qe2 Qc7 17. Kh1 Rae8 18. Nd2 f5 19. Rg1 f4 20. Ngf1 Ne5 21. Nf3 Ng6 22. Rc1 Bc8 23. N1d2 e5 24. Rcf1 Bg4 25. h3 Bd7 26. Nh2 Qc8 27. Ng4 Bxg4 28. Qxg4 Qxg4 29. hxg4 Re6 30. Kh2 Nh8 31. Rh1 Rh6+ 32. Kg1 Rxh1+ 33. Kxh1 Rf6 34. f3 Nf7 35. Kg1 Rh6 36. Kf2 Rh2 37. Rg1 Ng5 38. Nf1 Rh6 39. Bc1 Be7 40. Ke2 Ne6 41. Nd2 Rh4 42. Nb3 h5 43. gxh5 Rxh5 44. Nd2 g5 45. a4 Kf7 46. Bb2 Rh4 47. Kf1 Nf8 48. Bc1 Nh7 49. Kf2 Nf6 50. Nf1 Nh5 51. g3 fxg3+ 52. Nxg3 Nf4 53. Bxf4 gxf4 54. Nf5 Rh2+ 55. Rg2 Bh4+ 56. Nxh4 Rxh4 57. Rg1 Rh2+ 58. Rg2 Rh1 59. Rg1 Rxg1 60. Kxg1 Kg6 61. Kg2 1/2-1/2

[Event "Heusenstamm Sparkassen op-B 3rd"]
[Site "Heusenstamm"]
[Date "2016.11.27"]
[Round "5"]
[White "Jung, Kenny"]
[Black "Thede, Stefan"]
[Result "0-1"]
[WhiteElo "1501"]
[BlackElo "1646"]
[PlyCount "126"]
[EventDate "2016.11.27"]
[EventType "swiss"]
[EventRounds "7"]
[EventCountry "GER"]
[SourceTitle "EXT 2018"]
[Source "ChessBase"]
[SourceDate "2017.10.13"]
[SourceVersion "1"]
[SourceVersionDate "2017.10.13"]
[SourceQuality "1"]

1. e4 g6 2. Nf3 Bg7 3. Bc4 d6 4. d4 Nf6 5. Nc3 c6 6. 0-0 b5 7. Bd3 0-0 8. Bf4 Nh5 9. Be3 b4 10. Ne2 a5 11. Rc1 Bg4 12. Nd2 e5 13. f3 exd4 14. Bxd4 Bxd4+ 15. Nxd4 Bd7 16. Ne2 Be6 17. b3 Nd7 18. c4 Ne5 19. Qc2 Qb6+ 20. c5 dxc5 21. Nc4 Bxc4 22. Bxc4 Rad8 23. h3 Ng7 24. f4 Nxc4 25. Qxc4 Rd2 26. Rf2 Rfd8 27. Qxc5 Qxc5 28. Rxc5 Rxa2 29. Rxc6 Ne6 30. Ng3 Rd1+ 31. Nf1 Rxf2 32. Rc8+ Kg7 33. Kxf2 Nxf4 34. Rc2 Ra1 35. Nd2 Ne6 36. Ke3 a4 37. bxa4 Rxa4 38. Nc4 b3 39. Rc1 Rb4 40. Nb2 Ng5 41. Rc4 Rxc4 42. Nxc4 Ne6 43. g3 Nc5 44. Nb2 Kf6 45. Kd4 Ne6+ 46. Ke3 Ng5 47. h4 Ne6 48. Nd3 g5 49. Kf3 gxh4 50. gxh4 Nc5 51. Nb2 Kg6 52. Ke3 Kh5 53. Kd4 Ne6+ 54. Ke5 Kxh4 55. Kf6 Ng5 56. e5 h5 57. Nd3 Kg4 58. e6 fxe6 59. Ne5+ Kf4 60. Nd3+ Ke3 61. Nb2 Ne4+ 62. Kxe6 h4 63. Kd5 Nd2 0-1

[Event "Heusenstamm Sparkassen op-B 3rd"]
[Site "Heusenstamm"]
[Date "2016.11.27"]
[Round "4"]
[White "Lachmann, Irma"]
[Black "Jung, Kenny"]
[Result "0-1"]
[WhiteElo "734"]
[BlackElo "1501"]
[PlyCount "90"]
[EventDate "2016.11.27"]
[EventType "swiss"]
[EventRounds "7"]
[EventCountry "GER"]
[SourceTitle "EXT 2018"]
[Source "ChessBase"]
[SourceDate "2017.10.13"]
[SourceVersion "1"]
[SourceVersionDate "2017.10.13"]
[SourceQuality "1"]

1. Nf3 Nc6 2. e3 e5 3. Be2 d5 4. d3 Nf6 5. 0-0 h6 6. b3 Bd6 7. Bb2 b6 8. c4 d4 9. exd4 exd4 10. Nxd4 Nxd4 11. Bxd4 Bxh2+ 12. Kxh2 Qxd4 13. Nd2 Bf5 14. Nf3 Qd6+ 15. Kg1 0-0-0 16. Qd2 Bxd3 17. Bxd3 Qxd3 18. Qd1 Rhe8 19. Re1 Rxe1+ 20. Qxe1 Re8 21. Qd2 Qxd2 22. Nxd2 Re2 23. Nf1 Ne4 24. f3 Nd6 25. Ng3 Rd2 26. a4 Rb2 27. Ra3 Kd7 28. a5 Kc6 29. Ne4 Nxe4 30. fxe4 Re2 31. b4 Rxe4 32. Rc3 bxa5 33. bxa5 Kc5 34. Rf3 Re7 35. Rf5+ Kxc4 36. Kf2 g6 37. Rf4+ Kb5 38. Kf3 Re5 39. g4 f5 40. gxf5 Rxf5 41. Rxf5+ gxf5 42. Kf4 c5 43. Kxf5 c4 44. Kg6 Kxa5 45. Kxh6 c3 0-1

[Event "GER-chT U14"]
[Site "Magdeburg"]
[Date "2013.12.27"]
[Round "1.4"]
[White "Gula, Julian"]
[Black "Jung, Kenny"]
[Result "1-0"]
[WhiteElo "1452"]
[BlackElo "977"]
[PlyCount "43"]
[EventDate "2013.12.27"]
[EventType "team-swiss"]
[EventRounds "4"]
[EventCountry "GER"]
[SourceTitle "EXT 2015"]
[Source "ChessBase"]
[SourceDate "2014.11.20"]
[SourceVersion "1"]
[SourceVersionDate "2014.11.20"]
[SourceQuality "1"]
[WhiteTeam "Duesseldorf Sued"]
[BlackTeam "Schoeneck"]
[WhiteTeamCountry "GER"]
[BlackTeamCountry "GER"]

1. e4 e5 2. Nf3 Nc6 3. Bc4 h6 4. 0-0 Nf6 5. Re1 Bc5 6. c3 Bb6 7. d4 exd4 8. cxd4 0-0 9. e5 Ba5 10. Bd2 Bxd2 11. Qxd2 Nh7 12. d5 Ne7 13. d6 Nf5 14. Nc3 Ng5 15. Nxg5 Qxg5 16. Qxg5 hxg5 17. dxc7 Re8 18. Ne4 Rxe5 19. Nxg5 Rxe1+ 20. Rxe1 Nd6 21. Bxf7+ Nxf7 22. Re8# 1-0

[Event "Hessen-ch U12"]
[Site "Bad Homburg"]
[Date "2013.??.??"]
[Round "9"]
[White "Scherer, Sarah"]
[Black "Jung, Kenny"]
[Result "1/2-1/2"]
[WhiteElo "1118"]
[BlackElo "802"]
[PlyCount "58"]
[EventDate "2013.03.??"]
[EventType "swiss"]
[EventRounds "9"]
[EventCountry "GER"]
[SourceTitle "EXT 2014"]
[Source "ChessBase"]
[SourceDate "2013.11.20"]
[SourceVersion "1"]
[SourceVersionDate "2013.11.20"]
[SourceQuality "1"]

1. c4 e5 2. Nc3 Nf6 3. Nf3 Nc6 4. g3 Bb4 5. Qb3 e4 6. Ng5 0-0 7. Ngxe4 Nxe4 8. Nxe4 Qe7 9. Bg2 d6 10. 0-0 Bh3 11. Bxh3 Qxe4 12. Bg2 Qxe2 13. Bxc6 bxc6 14. Qxb4 Rab8 15. Qc3 h6 16. b3 Rb7 17. Bb2 f6 18. Rfe1 Qh5 19. Re3 d5 20. d3 c5 21. Ba3 d4 22. Re5 fxe5 23. Qa5 Qf5 24. Qxc5 Qxf2+ 25. Kh1 Qf3+ 26. Kg1 Qf2+ 27. Kh1 Qf3+ 28. Kg1 Qf2+ 29. Kh1 Qf3+ 1/2-1/2